¿Cómo crecen los animales? (Record no. 85636)

MARC details
000 -CABECERA
campo de control de longitud fija 00658ngm a2200169 a 4500
005 - FECHA Y HORA DE LA ÚLTIMA TRANSACCIÓN
campo de control 20240816063719.0
008 - ELEMENTOS DE LONGITUD FIJA--INFORMACIÓN GENERAL
campo de control de longitud fija 010918s1980 mx 006 aaspa d
035 ## - NÚMERO DE CONTROL DEL SISTEMA
Número de control de sistema UPN01000111728
049 ## - COLECCIÓN
Colección AV
050 #4 - SIGNATURA TOPOGRÁFICA DE LA BIBLIOTECA DEL CONGRESO
Número de clasificación PVI Q 1144
245 01 - MENCIÓN DE TÍTULO
Título ¿Cómo crecen los animales?
260 ## - PUBLICACIÓN, DISTRIBUCIÓN, ETC.
Lugar de publicación, distribución, etc. México :
Nombre del editor, distribuidor, etc. Películas Ebesa [distribuidor],
Fecha de publicación, distribución, etc. [198-?].
300 ## - DESCRIPCIÓN FÍSICA
Extensión 1 videocasete (VHS) (6 min.) :
Otras características físicas son., col.
520 ## - NOTA DE RESUMEN, ETC.
Sumario, etc. La oruga se convierte en mariposa, el renacuajo se convierte en rana. Este programa es un estudio básico bellamente ilustrado sobre las distintas maneras en las que diferentes animales crecen
650 #2 - ASIENTO SECUNDARIO DE MATERIA - TERMINO TEMATICO
Término de materia o nombre geográfico como elemento de entrada Animales
9 (RLIN) 1051
905 ## - TIPO DE MATERIAL
Tipo de material Audiovisuales
Holdings
Estado de retiro Estado de pérdida Fuente del sistema de clasificación o colocación Estado dañado No para préstamo Código de colección Localización permanente Ubicación/localización actual Ubicación en estantería Total de préstamos Clasificación Código de barras Fecha visto por última vez Número de copia Tipo de ítem Koha
    Library of Congress Classification     Audiovisuales Bib. Gregorio Torres Quintero Bib. Gregorio Torres Quintero Audiovisual   PVI Q 1144 168850 31/12/2020 1 Videocasete